000 00385nam a2200145Ia 4500
008 191201s2018 xx 000 0 und d
020 _a9789387686816
082 _a547 TIP
100 _aTiwari, Abhishek & Other
245 0 _aPharmaceutical Organic Chemistry-II
260 _bNirali Prakashan
_aNew Delhi
_c2018
300 _aMisc.
650 _aMedicinal Chemistry
942 _2ddc
_cBK
999 _c8341
_d8341